ARRUPE JESUIT UNIVERSITY

CORONAVIRUS -STOP THE SPREAD - CLEAN,DISINFECT,COVER

Readings in church history / (Record no. 118365)

MARC details
000 -LEADER
fixed length control field 00981nam a2200289 a 4500
001 - CONTROL NUMBER
control field 4280275
003 - CONTROL NUMBER IDENTIFIER
control field ARRUPE
005 - DATE AND TIME OF LATEST TRANSACTION
control field 20150311020006.0
008 - FIXED-LENGTH DATA ELEMENTS--GENERAL INFORMATION
fixed length control field 850215s1985 mdu b 000 0 eng
010 ## - LIBRARY OF CONGRESS CONTROL NUMBER
LC control number 85070633
020 ## - INTERNATIONAL STANDARD BOOK NUMBER
International Standard Book Number 0870610961 (pbk.) :
Terms of availability $50.00
040 ## - CATALOGING SOURCE
Original cataloging agency DLC
Transcribing agency DLC
Modifying agency DLC
050 00 - LIBRARY OF CONGRESS CALL NUMBER
Classification number BR141
Item number .R38 1985
082 00 - DEWEY DECIMAL CLASSIFICATION NUMBER
Classification number 282/.09
Edition number 19
300 ## - PHYSICAL DESCRIPTION
Dimensions 24 cm.
245 00 - TITLE STATEMENT
Title Readings in church history /
Statement of responsibility, etc edited by Colman J. Barry.
250 ## - EDITION STATEMENT
Edition statement Rev. ed.
260 ## - PUBLICATION, DISTRIBUTION, ETC. (IMPRINT)
Place of publication, distribution, etc Westminster, Md. :
Name of publisher, distributor, etc Christian Classics,
Date of publication, distribution, etc 1985.
300 ## - PHYSICAL DESCRIPTION
Extent xxxiv, 1373 p. ;
500 ## - GENERAL NOTE
General note Originally published in 3 v. in 1960-1965.
504 ## - BIBLIOGRAPHY, ETC. NOTE
Bibliography, etc Bibliography: p. 1373.
505 0# - FORMATTED CONTENTS NOTE
Formatted contents note From Pentecost to the Protestant revolt -- The Reformation -- The modern era.
610 20 - SUBJECT ADDED ENTRY--CORPORATE NAME
Corporate name or jurisdiction name as entry element Catholic Church
General subdivision History
-- Sources.
9 (RLIN) 2601
650 #0 - SUBJECT ADDED ENTRY--TOPICAL TERM
Topical term or geographic name as entry element Church history
General subdivision Sources.
9 (RLIN) 2602
700 1# - ADDED ENTRY--PERSONAL NAME
Personal name Barry, Colman James,
Dates associated with a name 1921-
9 (RLIN) 2603
906 ## - LOCAL DATA ELEMENT F, LDF (RLIN)
a 7
b cbc
c orignew
d 3
e opcn
f 19
g y-gencatlg
942 ## - ADDED ENTRY ELEMENTS (KOHA)
Source of classification or shelving scheme Library of Congress Classification
Koha item type Monograph ( Printed materials)
Koha issues (borrowed), all copies 1
Holdings
Withdrawn status Lost status Source of classification or shelving scheme Damaged status Not for loan Home library Current library Date acquired Total Checkouts Full call number Barcode Date last seen Date checked out Price effective from Koha item type
    Library of Congress Classification     ARRUPE LIBRARY ARRUPE LIBRARY 22/10/2013 2 BR141 .R38 1980 46411287 17/08/2018 15/08/2018 22/10/2013 Monograph ( Printed materials)

 

Arrupe Library. PO Box MP320 Mt Pleasant, Harare, Zimbabwe
263 242 745411|librarian@aju.ac.zw